Statistics for 2022 New York Yankees Quiz

Click here to take the quiz!

General Stats

  • This quiz has been taken 136 times
  • The average score is 17 of 30

Answer Stats

HintAnswer% Correct
Who is the Yankees 2022 Ace?Gerrit Cole
99%
What Center Fielder did the Yankees acquire at the trade deadline?Harrison Bader
88%
Pitcher with amazing mustache having great year on the moundNestor Cortes Jr
77%
What team were Jose Trevino and Isiah Kiner-Falefa acquired from?Texas Rangers
75%
How many Yankees were voted into the All-Star Game?6
73%
First rookie batter called up the majorsOswaldo Cabrera
70%
Yankee's Gold Glove First BasemanAnthony Rizzo
68%
Who became the Yankee closer during the beginning of the season?Clay Holmes
68%
Batter with an amazing mustache having a great offensive yearMatt Carpenter
65%
What former MVP did the Yankees acquire from the Twins?Josh Donaldson
64%
Two Yankees voted as starters in the All-Star GameAaron Judge, Giancarlo Stanton
63%
Yankee named All-Star Game MVPGiancarlo Stanton
63%
Yankee Second Baseman having excellent year at the plateGleyber Torres
63%
Yankee's switch hitting veteran outfielderAaron Hicks
62%
Who was the second rookie batter called up to the majors?Oswald Peraza
62%
Reliever known as the Cuban MissileAroldis Chapman
61%
Name of Yankee managerAaron Boone
60%
Starting Pitcher acquired from the A's at the trade deadlineFrankie Montas
59%
Holder of American League Single season HR record Jude brokeRoger Maris
56%
Struggling outfielder traded away at the deadlineJoey Gallo
55%
Who is the Yankee's other starting catcher alongside Trevino?Kyle Higashioka
55%
What is the network Yankee games are most often broadcasted on?YES Network
54%
Yankee Second Baseman and usual lead-off hitterDJ LeMahieu
53%
Yankees #2 PitcherLuis Severino
52%
What achievement is Aaron Judge trying to win?Triple Crown
38%
Name of the Yankee's pitching coachMatt Blake
37%
Yankee reliever who became reliable high-leverage pitcherMicheal King
34%
Name of Yankee Third Base coachLuis Rojas
29%
What utility player did the Yankees acquire in the offseason?Marwin Gonzalez
28%
What was the Yankees first half record?64-28
8%

Score Distribution

Percentile by Number Answered

Percent of People with Each Score

Your Score History

You have not taken this quiz